El solidarismo y los padrinos poderosos /
Guardado en:
| Autor principal: | |
|---|---|
| Formato: | Texto |
| Etiquetas: |
Agregar Etiqueta
Sin Etiquetas, Sea el primero en etiquetar este registro!
|
MARC
| LEADER | 00000 a a2200000 04500 | ||
|---|---|---|---|
| 001 | 1331 | ||
| 003 | |||
| 040 | |||
| 100 | |a Blanco, Gustavo | ||
| 245 | |a El solidarismo y los padrinos poderosos / |c Gustavo Blanco | ||
| 773 | |g número 30 -31; páginas 18-19 | ||
| 999 | |c 21999 |d 21999 | ||
